000 00275nam a2200109Ia 4500
005 20251222153548.0
008 251222s9999||||xx |||||||||||||| ||spa||
082 _a868.6/M26F
100 _a"Marañón, Gregorio"
245 0 _aEfemérides y comentarios: 1952-1954
942 _cLIB
999 _c30719
_d30719